000 00787nam a2200253Ia 4500
003 GCL
008 140319s9999 xx 000 0 ara d
040 _aGCL /
_cGCL
082 0 4 _a358.39
_bح ح
100 1 _aحضر الدهراوى
245 1 0 _aالحرب فى الفضاء /
_cحضر الدهراوى
260 _a[S.N] :
_bدار المريخ للنشر ،
_c1983
300 _a281
490 _a
650 0 4 _aالحرب
650 0 4 _aمحطات الفضاء
650 0 4 _aالاستراتيجية
650 0 4 _aالاسلحة الذرية
650 0 4 _aالاتصالات عبر الاقمار الصناعية
650 0 4 _aالاقمار الصناعية
650 0 4 _aمركبات الفضاء
650 0 4 _aالاسلحة والتسليح
942 _2ddc
_cBK
999 _c35423
_d35423